Sigma Males - Statistics

General Stats
  • This quiz has been taken 744 times
  • The average score is 7 of 15
Answer Stats
Hint Answer % Correct
A Normal Guy,Who Has Cancer,Cooks Meth,Has a Disabled Son Walter White
91%
Played by Christian Bale,Best Movie From 2000,He Killed Jared Leto Patrick Bateman
86%
A Billionaire Known As Bruce Wayne During The Day,At Night He Becomes Someone Called Batman
85%
He Destroyed Fake Society,Clown,Iconic Rival Of Batman The Joker
82%
People Killed His Dog,He Killed Them,He Killed Three People With A Pencil John Wick
80%
Good Businessman,He Has A Spinoff Show From Breaking Bad Saul Goodman
73%
He Bullies Little Kids,He Has Small Yellow Friends,Three Daughters And A Pointy Nose Gru
54%
He Took Out Multiple World Leaders With His Technology,Betas Wouldn't Be There Without Him,Mark 42 Suit Up Iron Man
52%
One Of Three Brothers After WW1,Based on a True Story,Netflix Series,Became One Of The Most Famous People In The World Thomas Shelby
32%
The Only Thing They Fear Is Him,Has Destroyed Hell Multiple Times DoomGuy
25%
After Mary Jane Watson Broke Up With Him,The Venom Symbiote Went Into Him And He Became Emo,Has One Of The Most Iconic Scenes In The Spider-Man Raimi Trilogy Bully Maguire
24%
He Doesn't Follow Orders,He Makes Them,He Has A Green Armor Suit Master Chief
24%
He Walked Through Sniper Shots and Threatened The Lives Of Betas Loved Ones Gustavo Fring
20%
This Guy Destroyed Thousands Of Worlds To Solve A Math Equation Darkseid
7%
He Is Unpredictable And Dangerous,He Lives Free,Is From A Foreign Language Video Game Goro Majima
1%
No matching quizzes found
Score Distribution
Percent of People with Each Score
Percentile by Number Answered
Your Score History
You have not taken this quiz